000 00574nam a2200133 a 4500
008 130107s2008 ||||||||||||||||| || u
050 _aTIZ(058)BPI/2007
110 _aTransparency International Zambia (TIZ)
245 1 0 _aBribe payers index, Zambia 2007
_cby Transparency International Zambia [TIZ]
260 _aLusaka:
_bTransparency International Zambia
_c2008
300 _aix, 55p.: ill.
650 _aCORRUPTION--ZAMBIA--CASE STUDIES
995 _FCBU-MAIN LIBRARY (Kitwe)
_M1
_UAVAILABLE
_WJan 7, 2013
_ZZambiana Collection
999 _c36117
_d36117